02011 a2200193 45000010006000000050017000060080041000230030015000640400040000790800073001192450039001920200018002312500012002492640041002613000020003025051377003221000031016998560087017302677520260407155545.0260407a1999 arg spa dAR-UNSa-BCEJYS aAR-UNSa-BCEJYSbspacAR-UNSa-BCEJYS a658.8xOrganización de mercados. Marketing. Ventas. Distribución10aMarketingpconceptos y estrategias a84-368-1398-7 a4a. ed. 1aMadrid :bEdiciones Pirámidec1999 a1085 p.c24 cm. a1º Parte : Fundamentos: 1. Introducción y conceptos básicos - 2. La dirección comercial - 2º Parte: Análisis comercial 3. El mercado y el entorno - 4. La demanda - 5. Segmentación del mercado - 6. Comportamiento del consumidor - 7. Comportamiento de las compra de las organizaciones - 8. El sistema de información y la investigación comercial - 3º Parte: Estrategia de marketing : 9. Decisiones sobre el producto (I): Concepto de producto y marca - 10. Decisiones sobre el producto(II): desarrollo y evolución del producto - 11. Decisiones sobre el precio - 12. Decisiones sobre distribución (I).El sistema de distribución - 13. Decisiones sobre distribución (II): Formas y estructuras de distribución - 14. Decisiones sobre distribución(III) : Logística de la distribución - 15. Decisiones sobre promoción/ comunicación (I): Venta personal y marketing directo - 16. Decisiones sobre promoción/comunicación(II): Publicidad, relaciones públicas -y promoción de ventas - 17. El programa comercial: planificación, organización y control de la estrategia de marketing - 4ª Parte: Marketing especial - 18. Marketing industrial(marketing de empresa a empresa) - 19. Marketing de servicios - 20. Marketing internacional - 21. Marketing no empresarial - 5º Parte: Marketing y sociedad : 22. Macromarketing: marketing y sociedad. 1 aSantesmases Mestre, Miguel41uhttps://170.210.207.44/pmb/images/libros/L85492.jpgyImagen de portadaqimage/jpeg